000
00222nam a22000977a 4500
999
_c
15746
_d
15746
003
OSt
008
190926b ||||| |||| 00| 0 eng d
082
_a
333.91
245
_a
Map of Hydro Power Development in India
942
_c
BK